[Event "EU-ch 6th"]
[Site "Warsaw"]
[Date "2005.06.21"]
[Round "4"]
[White "Huzman, Alexander"]
[Black "Abergel, Thal"]
[Result "1-0"]
[WhiteElo "2577"]
[BlackElo "2456"]
[Annotator "Postny,E"]
[PlyCount "57"]
[EventDate "2005.06.18"]
[EventType "swiss"]
[EventRounds "13"]
[EventCountry "POL"]
[SourceTitle "CBM 108"]
[Source "ChessBase"]
[SourceDate "2005.09.26"]
[SourceVersion "1"]
[SourceVersionDate "2005.09.26"]
[SourceQuality "1"]

1. d4 Nf6 2. Nf3 e6 3. g3 c5 4. Bg2 cxd4 5. Nxd4 d6 {Black is building a
"hedgehog" type setup.} ({More natural and objectively stronger continuation is
} 5... d5) 6. c4 a6 7. b3 Be7 8. Bb2 O-O 9. Nc3 Nbd7 10. O-O {The arised
variation of "hedgehog" is not the best one for black, since he is not able to
develop his light-squared bishop to a long diagonal a8-h1.} Re8 (10... Qc7 11.
Rc1 Re8 12. Qd2 Bf8 13. Rfd1 Rb8 14. Ba3 Rd8 15. Na4 Nc5 16. Nb5 axb5 17. Nxc5
Qb6 18. Bb4 Ra8 19. a4 bxc4 20. a5 dxc5 21. axb6 Rxd2 22. Bxd2 cxb3 23. Rc3 c4
24. Rxc4 b2 25. Bc3 Ba3 26. Rd8+ {1-0 Meins,G-Zeller,F/Bundesliga 1994}) (10...
Rb8 {appeared in practice as well, but did not change the evaluation of the
line as preferable for white.}) 11. e3 (11. a4 Qa5 12. Qd2 d5 13. cxd5 exd5 14.
Nf5 Nc5 15. Nxe7+ Rxe7 16. Ba3 Nxb3 17. Qb2 Rc7 18. Nxd5 Nxd5 19. Qxb3 Be6 20.
Qb2 Rac8 21. Qe5 Qc3 22. Bb2 Qxe5 23. Bxe5 $14 {1/2-1/2 Grivas,E-Galego,L/
GRE-chT 2002 (53)}) 11... Bf8 (11... Nc5 12. b4 Ncd7 13. Qe2 Nb6 14. Rac1 d5
15. cxd5 exd5 16. a3 a5 17. b5 Bc5 18. Nb3 Bd6 19. a4 Qe7 20. Nd4 Bd7 21. Qc2
Ne4 22. Nxe4 dxe4 $11 {1/2-1/2 Hartoch,R-Van der Griendt,J/Dieren 1991 (54)})
12. Qe2 Qc7 13. Rac1 Ne5 $146 (13... g6 14. Rfd1 Rb8 15. h4 Bg7 16. Na4 Nc5 17.
Nc3 e5 18. Nc2 e4 19. Nb4 Bg4 20. Nbd5 Nxd5 21. Qxg4 Nxc3 22. Bxc3 f5 23. Qe2
Nd3 24. Rc2 Bxc3 25. Rxc3 {1/2-1/2 Maksimov,A-Orlov,G/Simferopol 1989}) 14. h3
Bd7 15. Rfd1 Rac8 (15... Nc6 $142 $14) 16. f4 Nc6 17. Nf3 $1 {Correctly
avoiding the exchange, according to the well known rule that the side who has
advantage in space should keep the pieces as much as possible.} Qb8 18. g4 $1 {
Starting an offensive against the black king.} Red8 19. Ng5 Ne7 20. Nce4 Ne8 (
20... Nxe4 21. Bxe4 h6 22. Nh7 Bc6 23. Bb1 $16) 21. Qc2 Ng6 (21... h6 22. Nh7
$16) {[%tqu "En","How should White develop his attack?","","","g5f7","An
excellent sacrifice that was probably more based on intuition, than on
conctrete calculation. Using the fact that black's pieces are clumsily placed,
white gets a strong attack in all variations.",15]} 22. Nxf7 $3 {[%mdl 640] An
excellent sacrifice that was probably more based on intuition, than on
conctrete calculation. Using the fact that black's pieces are clumsily placed,
white gets a strong attack in all variations.} Kxf7 23. Ng5+ $5 ({Another
attractive continuation was:} 23. f5 exf5 (23... Ne5 24. fxe6+ Bxe6 25. Ng5+
Ke7 26. Nxe6 Kxe6 27. Qf5+ Ke7 28. Bd5 $18) 24. Ng5+ Ke7 25. gxf5 Ne5 26. Bxe5
dxe5 27. c5 h6 28. c6 Bxc6 (28... hxg5 29. Qc5+ Nd6 30. Qxe5+ Kf7 31. Bd5+ $18)
29. Qc5+ Rd6 30. Qxe5+ Kd7 31. Nf7 $40) 23... Kg8 24. Nxh7 $6 {Another
creative sacrifice, but objectively speaking, white had more convincing
attacking continuation at his disposal.} (24. f5 $1 Be7 25. fxg6 Bxg5 26. gxh7+
Kh8 27. Qg6 Bxe3+ 28. Kh1 {[%cal Gd1f1,Gf1f8]} e5 29. Rf1 Nc7 30. Rf7 Ne6 31.
Rcf1 Bh6 32. h4 $18 {[%cal Rg4g5]}) 24... Kxh7 25. Be4 Kg8 26. Bxg6 Be7 $2 {
The decisive mistake.} (26... d5 $1 {was the only way to survive. White keeps
dangerous attack, but the concrete lines does not show any direct win for
white. For example:} 27. Qf2 {[%csl Rg8][%cal Gf2h4,Gh4h7]} (27. g5 Bc5 28. Qf2
Bc6) 27... Nf6 28. Qh4 Be8 29. f5 (29. Bxf6 Bxg6 30. Bxd8 Rxd8 $15) 29... Bc5
30. Bxf6 gxf6 31. Qh7+ Kf8 32. Qh8+ Ke7 33. Qg7+ Kd6 34. Qxf6 Bxe3+ 35. Kf1
Bxc1 36. Rxd5+ Kc7 37. Qe5+ Kb6 38. Qd4+ Kc7 39. Qe5+ $11) 27. g5 $1 {[%cal
Gc2f2,Gf2h4,Gh4h7] Now, black is defenceless, since the escaping way for
black's king is blocked by the dark-squared bishop.} e5 (27... d5 28. Qf2 $18 {
[%cal Rf2h4,Rh4h7]}) 28. Qf2 Qa7 29. fxe5 (29. fxe5 Be6 30. Bd4 Qb8 31. Rf1 $1
{[%csl Rg8][%cal Rf2h4,Rh4h7] with unavoidable mating threats.}) 1-0

[Event "Abu Dhabi op 14th"]
[Site "Abu Dhabi"]
[Date "2004.08.20"]
[Round "6"]
[White "Gozzoli, Yannick"]
[Black "Bocharov, Dmitry"]
[Result "0-1"]
[WhiteElo "2429"]
[BlackElo "2569"]
[Annotator "Postny,E"]
[PlyCount "102"]
[EventDate "2004.08.14"]
[EventType "swiss"]
[EventRounds "9"]
[EventCountry "UAE"]
[SourceTitle "CBM 103"]
[Source "ChessBase"]
[SourceDate "2004.11.11"]
[SourceVersion "1"]
[SourceVersionDate "2004.11.11"]
[SourceQuality "1"]

1. d4 Nf6 2. Nf3 e6 3. g3 b5 {This way black is trying to grab some space on
the queenside at the very beginning.} 4. Bg2 Bb7 (4... d5 5. O-O c5 (5... Bb7
6. b3 Nbd7 7. c4 bxc4 8. bxc4 dxc4 9. Na3 c3 10. Nb5 Bb4 11. Qb3 a5 12. Nxc3 c5
13. a3 c4 $1 14. Qb2 Bxc3 15. Qxc3 Qc8 16. Bf4 O-O 17. Rfc1 Nb6 $15 {0-1
Huebner,R-Kramnik,V/Brissago 2004/CBM 100 (52)}) 6. a4 b4 7. c4 Bb7 8. Ne5 {
--> 1-0 Mueller,K-Thinius,M/Hoeckendorf 2004/CBM 100 [Finkel] (24)}) 5. O-O c5
(5... Be7 6. Bg5 O-O 7. Qd3 {--> 0-1 Peng,Z-Berg,E/Germany 2003/CBM 95 [Postny,
E] (35)}) 6. Na3 {A bit awkward move, which does not seems to me as the best
one.} (6. Bg5 Na6 7. Nbd2 cxd4 8. Nxd4 Bxg2 9. Kxg2 Qb6 10. Bxf6 gxf6 11. e3
Bg7 $13 {0-1 Skatchkov,P-Bocharov,D/Sochi 2004/CBM 101 (43)}) (6. a4 b4 {
--> 0-1 Lputian,S-Minasian,A/Yerevan 1999/CBM 74 [Alterman,B] (42)}) (6. c3 Be7
(6... cxd4 7. cxd4 Be7 8. Bg5 O-O 9. Qd3 Qb6 10. Nc3 b4 11. Na4 Qa6 12. Ne5 d5
$11 {1/2-1/2 Kurajica,B-Karpov,A/Tilburg 1994/CBM 44 (31)}) (6... d5 7. Bg5
Nbd7 8. Nbd2 Be7 9. a4 bxa4 10. Qxa4 O-O 11. Nb3 Nb6 12. Qa2 Ne4 13. Na5 Nxg5
14. Nxb7 Nxf3+ 15. Bxf3 Qc7 16. Nxc5 Bxc5 17. dxc5 Qxc5 18. e4 d4 19. cxd4 Qxd4
20. Rfd1 Qe5 21. Rac1 {1/2-1/2 Vladimirov,E-Sargissian,G/Abu Dhabi 2003/CBM 97
(21)}) 7. a4 b4 8. cxb4 cxb4 9. Nbd2 O-O 10. Nb3 d6 11. Ne1 Bxg2 12. Nxg2 Nbd7
13. Qd3 d5 14. Bg5 Ne4 15. Bxe7 Qxe7 $11 {1/2-1/2 Petrosian,T-Polugaevsky,L/
Leningrad 1977/URS-ch (36)}) 6... a6 7. c4 {The idea behind white's previous
move.} b4 8. Nc2 Qb6 (8... cxd4 9. Nfxd4 Bxg2 10. Kxg2 Qc7 11. Qd3 Nc6 12. Qf3
Rc8 13. Nxc6 Qxc6 14. Qxc6 Rxc6 15. b3 d5 16. Ne3 dxc4 17. Nxc4 Be7 $11 {
1/2-1/2 Romanishin,O-Andersson,U/Polanica Zdroj 1993/CBM 37 (47)}) 9. Be3 (9.
b3 {--> 1-0 Aronian,L-Fernandez Romero,E/Linares 2000/CBM 75 [Alterman,B] (29)}
) 9... a5 10. dxc5 Bxc5 11. Bxc5 Qxc5 {Black solved the opening problems.} 12.
Qd4 $146 (12. Ncd4 $2 Qxc4 13. Rc1 Qa6 14. Nb3 d6 $17 {0-1 Pena Dieguez,
M-Pogorelov,R/Sevilla 2003/CBM 92 ext (27)}) 12... Na6 13. Rfd1 Rc8 {Defending
the c5 outpost as much as possible.} 14. Ne3 Bxf3 15. exf3 $5 {White
intentionally doubling his pawns, probably hoping to make use of the semi-open
"e" file.} ({Possible was} 15. Bxf3 $11) 15... Qxd4 16. Rxd4 Nc5 17. f4 O-O ({
Comes to consideration} 17... h5 {gaining some space on the kingside.}) 18.
Rad1 Rb8 19. g4 $1 {Starting an offensive on the kingside.} Rfc8 20. g5 Ne8 21.
f5 f6 $1 {Getting some air for the king.} 22. h4 b3 23. a3 Rc7 {Black does not
have any clear plan, but hopes that white will create some weaknesses to
himself...} 24. f4 {White is threatening 25.fxe6 followed by f4-f5 to get
control over the important d5 square, so black's next move is practically
forced.} g6 25. fxe6 dxe6 26. Ng4 Kf7 27. Kf2 (27. gxf6 Rbc8 $1 {covering c6
square followed by 28...Nxf6.}) 27... Rbc8 28. R1d2 Ke7 29. Bf3 Rd7 30. gxf6+
$6 {There was no need to be in a hurry with this exchange.} ({More flexible was
} 30. Ke3) 30... Nxf6 31. Ne5 Rdc7 $1 {Covering the c6 square.} (31... Nfe4+ $6
{is a punch in the air.} 32. Bxe4 Nxe4+ 33. Ke3 Rxd4 34. Rxd4 $14) 32. Ke3 ({
It was probably stronger to open the "h" file and also get rid of the Ph4,
which is a potential weakness in future:} 32. h5 gxh5 (32... Nxh5 33. Bxh5 gxh5
34. Kf3 {[%cal Gd2h2]}) 33. Ke3 $13 {[%cal Gd2h2]}) 32... Ncd7 33. Rd6 $2 {
It seems that white got carried away. After this mistake white runs into a
serious problems.} ({Necessary was} 33. Nxd7 {keeping the approximate equality.
}) 33... Nxe5 34. fxe5 Nd7 {[%csl Re5]} 35. Bg4 Nf8 36. Be2 Rc5 {White is not
able to protect all his weaknesses.} 37. Kd4 Nd7 38. Kc3 R8c7 $1 {This move is
stronger than the bold 38...Nxe5. Black is intending to capture the Pe5 by the
rook, while the knight will occupy the ideal c5 square.} 39. Kxb3 Rxe5 40. R6d4
Nc5+ 41. Ka2 a4 $19 {White's queenside is totally blocked, while the black
pawns on the kingside are quite mobile.} 42. Bd1 Re3 43. h5 g5 44. Bc2 {
[%tqu "En","Please enter the best move for black.","","","c5b3","Trasforming
the advantage into a won rooks endgame.",5]} Nb3 $1 {Trasforming the advantage
into a won rooks endgame.} 45. Bxb3 axb3+ 46. Kb1 e5 47. R4d3 Re1+ 48. Rd1
Rxd1+ 49. Rxd1 Ke6 50. Rd3 e4 51. Rxb3 Rxc4 {[%csl Ge4,Gg5][%cal Ge6f5,Gf5f4]
Black's passed pawns are unstoppable.} 0-1

[Event "Olomouc Skanska Cup"]
[Site "Olomouc"]
[Date "2004.08.04"]
[Round "1"]
[White "Biolek, Richard"]
[Black "Laznicka, Viktor"]
[Result "0-1"]
[WhiteElo "2451"]
[BlackElo "2434"]
[Annotator "Postny,E"]
[PlyCount "162"]
[EventDate "2004.08.04"]
[EventType "tourn"]
[EventRounds "11"]
[EventCountry "CZE"]
[EventCategory "9"]
[SourceTitle "CBM 103"]
[Source "ChessBase"]
[SourceDate "2004.11.11"]
[SourceVersion "1"]
[SourceVersionDate "2004.11.11"]
[SourceQuality "1"]

1. Nf3 Nf6 2. d4 e6 3. Bg5 h6 4. Bxf6 {White gives his dark-squared bishop in
order to get space in the centre.} Qxf6 5. e4 d6 6. c3 {A solid, but passive
continuation.} ({The main and the most logical move is} 6. Nc3) 6... Nd7 7. Bd3
(7. Nbd2 Qd8 8. Bd3 Be7 9. Qe2 a6 10. e5 d5 11. b4 b6 12. a4 Bb7 13. Rb1 Qc8
14. O-O O-O 15. Rfc1 $14 {1/2-1/2 Macieja,B-Agrest,E/Ohrid 2001/CBM 84 (48)})
7... g6 {It's also possible to develope the dark-squared bishop to e7.} (7...
e5 8. Na3 Be7 9. Nc4 c6 10. O-O Bd8 11. a4 Bc7 12. a5 a6 13. dxe5 dxe5 14. b4
Nf8 15. Nfd2 Ne6 16. Re1 O-O 17. Bf1 Rd8 $11 {1/2-1/2 Torre,E-Antonio,R/Manila
1998/CBM 64 (43)}) 8. Nbd2 Bg7 9. Qe2 {White is not in a hurry with a castling,
keeping an option to castle to queenside as well.} (9. O-O O-O 10. a4 e5 11.
dxe5 dxe5 12. a5 Rd8 13. Qe2 Nc5 14. Bc2 Ne6 $11 {0-1 Ortega,L-Psakhis,L/Sochi
1987/TD (32)}) 9... e5 10. Nc4 Qe7 $146 {This novelty does not change the
evaluation of the position as equal.} (10... O-O 11. O-O Re8 12. dxe5 dxe5 13.
b4 Nb6 14. Na5 Bf8 15. Qe3 Rb8 16. Rfe1 Be6 17. a3 Rec8 18. Nd2 c5 $15 {
0-1 Timman,J-Karpov,A/Villarrobledo 1997/EXT 98 (38)}) 11. dxe5 {Releasing the
pressure in the centre, although it was more flexible to keep the status-quo
in the centre.} ({Possible was} 11. O-O) 11... dxe5 12. h4 {[%cal Gh4h5]} h5
13. Bc2 O-O 14. Ne3 c6 {Covering the d5 square.} 15. O-O-O {White decided to
go for an opposite castlings, which may lead to a sharp struggle.} Nf6 16. Kb1
b5 17. Ng5 a5 18. f3 a4 $6 {This move reduces black's attacking chances on the
queenside.} (18... b4 $6 19. cxb4 axb4 20. Bb3 {and white gets control on the
light squares.}) ({Preferable was} 18... Bd7) 19. a3 Ba6 20. Bd3 Rad8 21. g3 (
21. g4 $6 {threatens nothing, and actually can harm only white.}) 21... Bc8 22.
Ka1 Rd7 23. Bb1 {Good manoeuvre. White's bishop can be transfered to a2, where
it will put a pressure on f7.} Bh6 24. f4 $2 {This move actually plays in
black's hands, who gets now the g4 square for his pieces.} ({Better was} 24.
Ba2) 24... Rxd1 25. Nxd1 (25. Rxd1 Ng4 $15) 25... Ng4 26. Ne3 Kg7 27. Nc2 f6
28. Nh3 {White's knight has to retreat to a passive square in order to defend
the Pf4. Another proof, that 24.f4 was a mistake.} Rd8 29. c4 {Trying to get
some active counterplay.} Qc5 30. cxb5 Qxb5 31. Qxb5 {White has no real choice,
but to go to a bad endgame.} cxb5 32. Nb4 Rd4 (32... Ne3 $6 33. fxe5 fxe5 34.
Nc6 Rd1 35. Rxd1 Nxd1 36. Ng5 {and white survives.}) ({More aggressive was} 
32... Rd2 $1 {Black was probably concerned about the penetration of white's
rook, but after} 33. Rc1 (33. Nd5 Nh2 $1 {[%csl Rh3]}) 33... Be6 34. Rc7+ Kf8 {
white has no continuation for his counterplay, while his kingside is in danger
of a total destruction.}) 33. Nd5 Be6 34. Rc1 Rc4 ({Now} 34... Nh2 {is not so
good, because of} 35. Rc7+ Kf8 36. f5 $1 gxf5 37. Nxf6) 35. Rxc4 bxc4 36. Bc2 {
Finally, white got some targets as well.} (36. Ba2 Nh2 37. Ng1 exf4 38. Nxf4
Bf7 $17) 36... Nh2 37. Ng1 (37. Ng5 $2 fxg5 38. fxg5 Bxg5 39. hxg5 Nf1 40. Bxa4
Nxg3 $19 {[%csl Gh5]}) 37... exf4 38. Nxf4 Bd7 39. Nd5 Nf1 40. Ne2 Ne3 {
Exchanging white's active knight.} 41. Kb1 Nxd5 42. exd5 Bd2 {The bishop will
attack white's kingside pawns from e1.} 43. d6 {This move looks like a
desperation, but it's very hard to suggest an improvement for white.} ({
The variation} 43. Nc3 $2 Be1 44. Bxa4 Bxa4 45. Nxa4 Bxg3 $19 {emphasizes the
superiority of a bishop over the knight.}) 43... f5 {[%cal Gg7f6,Gf6e5]} 44.
Bd1 Kf6 45. Kc2 Be1 {White's position is totally cramped. I was one of the
spectators of this game (i played in the same tournament), and at this point
both players were already in serious time-pressure.} 46. Kc1 Ke5 $6 ({The
accurate} 46... Be8 $1 {followed by 47...Ke5 was winning easily.}) 47. Nf4 $1
Bxg3 $6 {This gives white unnecessary survival chances.} ({It was possible to
admit the inaccuracy made on the previous move:} 47... Kf6 $1 48. Nd5+ (48. Ne2
Be8 $1 $19 {see the previous comment.}) 48... Kf7 49. Nb6 Be6 50. Bxa4 Bxg3 $19
) 48. Nxg6+ Kxd6 49. Bxh5 Be8 50. Kc2 Bc6 51. Kc3 Kc5 (51... f4 $6 52. Be2 $1 {
and white survives.}) 52. Kd2 Kd4 53. Ke2 (53. Bd1 $5 {[%csl Gh4]} Bf2 $1 54.
Ke2 Be3 55. Ne7 Be4 56. Bxa4 Bc1 {[%csl Rb2,Gc4] should be sufficient for a
win.}) 53... Be4 54. Bf3 Bd3+ 55. Kd2 Bf2 $1 56. h5 Be3+ {Black's bishops are
dominating the board.} 57. Kd1 Bg5 58. Bc6 (58. Nh8 Ke3 59. Nf7 Bf6 60. Bc6
Bxb2 $19) 58... f4 59. Bf3 Ke3 60. Ne5 Bf6 61. Ng4+ Kxf3 62. Nxf6 Kg3 $1 63.
Nd5 (63. h6 f3 $19) 63... f3 64. Ne3 f2 65. h6 Kf3 66. Kd2 Bh7 67. Nf1 Kg2 68.
Ne3+ Kf3 69. Nf1 Bf5 $1 70. Ne3 (70. Nh2+ Kg2 71. Ke2 (71. Ke3 Bd3 $19) 71...
Bh7 72. Ke3 Bd3 $19) 70... Bd3 {Zugzwang.} 71. Nf1 $1 {The last chance, but
insufficient.} Bxf1 72. h7 Bd3 73. h8=Q f1=Q 74. Qf6+ Kg2 75. Qg5+ Kh1 76. Qd5+
Kg1 (76... Qg2+ $19) 77. Qg5+ Qg2+ 78. Qxg2+ Kxg2 79. Kc3 Kf3 80. Kb4 Ke3 81.
Kxa4 Kd2 0-1

[Event "Bundesliga 0506"]
[Site "Germany"]
[Date "2005.12.10"]
[Round "5.6"]
[White "Appel, Ralf"]
[Black "Hertneck, Gerald"]
[Result "1-0"]
[WhiteElo "2488"]
[BlackElo "2539"]
[Annotator "Postny,E"]
[PlyCount "101"]
[EventDate "2005.10.21"]
[EventType "team-tourn"]
[EventRounds "15"]
[EventCountry "GER"]
[SourceTitle "CBM 111"]
[Source "ChessBase"]
[SourceDate "2006.04.04"]
[SourceVersion "1"]
[SourceVersionDate "2006.04.04"]
[SourceQuality "1"]
[WhiteTeam "Wattenscheid"]
[BlackTeam "Tegernsee"]
[WhiteTeamCountry "GER"]
[BlackTeamCountry "GER"]

1. d4 Nf6 2. Nf3 e6 3. g3 b5 {One of the most reliable continuations. Black is
fianchetting his light-squared bishop and simultaneously is fighting against
the advance c2-c4.} 4. Bg2 Bb7 5. O-O c5 (5... Be7 6. Bg5 O-O 7. Qd3 Be4 $5 8.
Qe3 (8. Qxb5 Nc6 9. Nbd2 Rb8 10. Qc4 Rb4 11. Qc3 Bxf3 12. Nxf3 Ne4 13. Bxe7
Nxc3 14. Bxd8 Nxe2+ 15. Kh1 Rxd8 16. b3 Rb6 17. Rfd1 Nc3 18. Rd2 d5 $15 {
0-1 Schmidt,P (2410)-Nisipeanu,L (2610)/Germany 1998/GER-chT (40)}) 8... Bc6 (
8... Bxc2 $2 9. Ne1 {[%csl Ra8,Rc2]}) 9. Bxf6 Bxf6 10. Nbd2 d6 $11 {0-1 Peng,Z
(2443)-Berg,E (2535)/Germany 2003/CBM 95_01/[Postny] (35)}) 6. c3 (6. Na3 {
The idea of this somewhat awkward move is to carry out the advance c2-c4.} a6 (
6... Qb6 7. c4 b4 8. Nc2 d6 9. a3 a5 10. axb4 axb4 11. Rxa8 Bxa8 12. d5 $1 {
The only way to fight for the initiative.} exd5 13. Nh4 g6 14. Ne3 Bg7 15. cxd5
O-O 16. b3 {1/2-1/2 Medvegy,Z (2478)-Hertneck,G (2539)/Germany 2005/CBM 110_01/
[Postny,E] (39)}) 7. c4 b4 8. Nc2 Qb6 9. Be3 a5 10. dxc5 Bxc5 11. Bxc5 Qxc5 $11
{0-1 Gozzoli,Y (2429)-Bocharov,D (2569)/Abu Dhabi 2004/CBM 103_01/[Postny,E] 
(51)}) 6... cxd4 (6... Na6 7. Bg5 Be7 8. Nbd2 O-O 9. Ne5 Bxg2 10. Kxg2 Qc7 11.
Nef3 h6 12. Bxf6 Bxf6 13. Ne4 Be7 $11 {1/2-1/2 Meins,G (2440)-Kritz,L (2547)/
Altenkirchen 2005/CBM 106 (22)}) 7. cxd4 Be7 8. a3 {A rather unambitious move
like the whole line actually.} (8. Bg5 O-O 9. Qd3 Qb6 10. Nc3 b4 11. Na4 Qa6
12. Ne5 d5 $11 {1/2-1/2 Kurajica,B (2565)-Karpov,A (2780)/Tilburg 1994/CBM 044
(31)}) 8... a6 9. Nc3 Ne4 10. Qc2 Nxc3 11. Qxc3 d6 12. Qd3 Nd7 (12... O-O 13.
Ng5 {[%csl Rh7]} Bxg5 14. Bxb7 Ra7 15. Bg2 $14) 13. Re1 Nf6 14. e4 O-O 15. Bd2
Rc8 16. a4 Bc6 $2 {After this natural looking move black finds himself in
serious trouble.} (16... bxa4 {was sufficient to keep the balance.}) {[%tqu
"En","How should White continue?","","","d4d5","",12]} 17. d5 $1 {[%mdl 2048]}
exd5 18. exd5 Bxd5 (18... Nxd5 $2 19. axb5 axb5 20. Nd4 {and black loses a
piece.}) 19. axb5 axb5 $2 {I suppose that black didn't realize the danger yet.}
(19... Bc4 20. Qe3 Nd5 21. Qe4 axb5 22. Ba5 Qd7 23. b3 Bxb3 24. Nd2 Bf6 25.
Nxb3 Bxa1 26. Rxa1 Nf6 {White is obviously better, but this would have been
the least of the evils for black.}) 20. Ra7 (20. Qxb5 Rb8 21. Qd3 Bxf3 22. Bxf3
$16 Rxb2 $2 23. Ra7 {[%csl Re7]} Nd7 (23... Re8 24. Ba5 $18) 24. Ba5 Qe8 25.
Bc6 $18) 20... Be4 {The alternatives are not better.} (20... Be6 21. Nd4) (
20... Bc4 21. Qb1) (20... Re8 $2 21. Ba5 $18 {[%csl Rd8]}) 21. Rxe4 Nxe4 22.
Qxe4 {Materially speaking, the position is approximately balanced, but white
is clearly on top here, since all his pieces are active.} Bf6 {White does not
care about Pb2, going for a direct attack.} 23. h4 $5 Bxb2 24. Ng5 g6 25. Bh3
Rc4 $2 ({It was necessary to cover the 7th rank:} 25... Rc7 $16 {Now, does not
work} 26. Ba5 Rc1+ 27. Kg2 Qf6 28. Nxf7 $4 Bd4 $19) 26. Qf3 $2 (26. Qd5 $1 {
was far more convincing.} Rc7 (26... Rc5 27. Qa2 $18) 27. Ba5 Rc1+ 28. Kg2 Qf6
29. Nxf7 Rxf7 (29... Bd4 30. Ng5+ $18) 30. Rxf7 Qxf7 31. Be6 $18) 26... Qf6 $2
({Again} 26... Rc7 {was the only defense.}) 27. Qxf6 Bxf6 {[%tqu "En","Please
enter a move for White.","","","g5f7","",10]} 28. Nxf7 $1 Bd4 $1 {The best
chance. Now, white should play precisely.} (28... Ra4 29. Rb7 $18) 29. Rd7
Bxf2+ 30. Kg2 $1 Rc2 31. Be6 $1 (31. Ng5 Re8 32. Be6+ {leads to the same
position by different moves order.}) 31... Re8 (31... Rxd2 $2 32. Ng5+ Kh8 33.
Rxh7#) 32. Ng5+ Rxe6 33. Rd8+ {This check should have been foreseen before
white's playing 28.Nxf7.} Kg7 34. Nxe6+ Kf6 35. Kxf2 Rxd2+ (35... Kxe6 36. Ke3
$18) 36. Ke3 Rb2 37. Rxd6 Ke5 38. Rb6 {White won a piece. Some precision is
still required, not to allow black to exchange or to capture white's remaining
pawns.} Kf5 39. Nd4+ Kg4 40. Ne2 Rb3+ 41. Kf2 Rf3+ 42. Ke1 Rf5 43. Re6 $1 g5
44. Re4+ Kf3 45. Re7 Rd5 46. Rxh7 gxh4 47. Rxh4 Ke3 (47... Re5 48. Rf4+ Ke3 49.
Rb4 Kf3 50. Rb3+ $18) 48. Rb4 Rd8 49. Rxb5 Kf3 50. Rb3+ Kg2 51. g4 1-0